Reglamento electrotécnico para baja tensión : (Registro nro. 22306)

Detalles MARC
000 -Cabecera
Campo de control interno 00621nam a2200181Ia 4500
005 - Fecha y hora del registro
control field 20260414150822.0
008 - Elementos de Longitud Fija
fixed length control field 260414t2015||||xx |||||||||||||| ||spa||
041 ## - Idioma
Codigo Idioma ESP
082 ## - DEWEY y NOTACIÓN INTERNA
Dewey 621.316
Notación Interna B88
100 ## - AUTOR
Autor denominación Bueno, Benilde
Término de relación autor
245 #0 - TÍTULO DE MATERIAL BIBLIOGRÁFICO
Título Reglamento electrotécnico para baja tensión :
Título paralelo RD 842/2002 de 2 de agosto de 2002 actualizado según RD 560/2010 y RD 1053/2014. Instrucciones Técnicas Complementarias (ITC-BT) y Guía técnica de aplicación del REBT
260 ## - CIUDAD, EDITORIAL, AÑO
Año 2015
300 ## - DESCRIPCIÓN
N° Páginas xxiii, 612 páginas :
Dimensiones 21 cm.
650 ## - TEMAS
Temas Tecnología (Ciencias Aplicadas)
654 ## - PROGRAMAS
Programa Dpto. de Ingeniería Electrónica y Telecomunicaciones
942 ## - ELEMENTOS DE KOHA
Tipo de documento Libro
Nombre del creador Justo Noguera
Código de catalogador Justo Noguera
Esquema de clasificación Dewey Decimal Classification
Suppress in OPAC
Existencias
Codigo completo Registro Colección Copia número Disponibilidad Tipo de préstamo Biblioteca Actual Procedencia (Biblioteca) Ubicacón Fecha Ingreso Tipo de Adquisición Date last seen Total checkouts Price effective from Tipo de Item Estado del Material Damaged status Withdrawn status
621.316 B88 1057912 Universidad Católica San Pablo 1 Disponible Disponible Víctor Andrés Belaunde Víctor Andrés Belaunde Segundo piso 14/04/2026 Compra 14/04/2026   14/04/2026 Libro Bueno